000 00910nam a2200253Ia 4500
003 OSt
005 20220923222111.0
006 a|||||r|||| 00| 0
007 ta
008 220922b |||||||| |||| 00| 0 hin d
024 _a203,049
037 _cTextual
040 _aARTS
_cARTS
_bhin
041 _2hin
_ahin
082 _aO1591,1N38x, 152N2
100 _aबारीक, सौरीन्द्र; दास, वनमाली, अनु.
_9165940
245 0 _aआकाश सा सघन
246 _aĀkāsh sā saghana
260 _aनई दिल्ली
_b साहित्य अकादमी
_c1992
300 _a67पृ.
_ccm.
650 _aहिन्दी साहित्य
_9156264
942 _hO1591,1N38x, 152N2
_cTEXL
_2CC
999 _c353830
_d353830